Visualizzazione normale
Vista MARC
- Marchetti Gianni
di Personal Name
Records bibliografici associati: 1
001 - CONTROL NUMBER
- control field: 6463
003 - CONTROL NUMBER IDENTIFIER
- control field: IT-RoPau
005 - DATE AND TIME OF LATEST TRANSACTION
- control field: 20131220104950.0
008 - FIXED-LENGTH DATA ELEMENTS
- fixed length control field: 131220|| aca||aabn | a|a d
040 ## - CATALOGING SOURCE
- Original cataloging agency: IT-RoPau
- Transcribing agency: IT-RoPau
100 ## - HEADING--PERSONAL NAME
- Personal name: Marchetti Gianni
- Dates associated with a name: Codice autore musica SPICS: 11622
- Relator term: Autore musica
- Name of part/section of a work: Arrivederci Mimì
670 ## - SOURCE DATA FOUND
- Source citation: Work cat.: (IT-RoPau)99853: AA.VV. 794, All'osteria Vasco e Pietro (Lp Sfr Ri 646)